000 00647nam a22002057a 4500
003 OSt
005 20260116030640.0
008 260116b |||||||| |||| 00| 0 eng d
020 _a0-13-027479-8.
040 _aDWC-Main Lib.
_cOC
082 _23rd ed.
_aCirc. 302 F312s 2001
100 _a Feldman, Robert S.
245 _aSocial psychology/
_cRobert S. Feldman
260 _aN. J. :
_bPrentice-Hall,
_cc2001.
300 _axxv, 614 p. :
_bcolored illustration ;
_c28 cm.
504 _aIncludes bibliographical references and index.
650 _a1. Social psychology.
760 _b3rd ed.
942 _2ddc
_cBK-CIRC
_e3rd ed.
_hCirc.
_n0
999 _c7479
_d7479